Widok standardowy
Widok MARC
Pozycja Corporate Name
Liczba rekordów, w których użyto hasła: 1
001 - Numer kontrolny
- control field: 11696
003 - Identyfikator numeru kontrolnego
- control field: OLSZT 008
005 - Data i czas ostatniej modyfikacji
- control field: 20240320220005.0
008 - Dane kontrolne kodowane (40 znaków)
- fixed length control field: 080910n||a|nnnabbn |a ana |c
010 ## - Numer kontrolny Biblioteki Kongresu
- numer kontrolny LC: n 2008064085
024 7# - OTHER STANDARD IDENTIFIER
- Standard number or code: http://viaf.org/viaf/163118611
- Source of number or code: uri
039 #9 -
- : 202307240012
- : VLOAD
- : 202307210502
- : VLOAD
- : 201207100007
- : VLOAD
- : 201207090019
- : VLOAD
- : 200809101409
- : vuam
040 ## - Instytucja sporządzająca rekord
- inst. przygot. dane do rek. khw: POZN U/AS
- inst. wprow. rek. khw: POZN U/AS
110 2# - Hasło - nazwa ciała zbiorowego
- nazwa ciała zbior. lub geogr. na pocz.: Europejskie Centrum Współpracy Młodzieży.
410 2# - Trop zob. - nazwa ciała zbiorowego
- nazwa ciała zbior. lub geogr. na pocz.: Europejskie Centrum Współpracy Młodzieży w Toruniu.
410 2# - Trop zob. - nazwa ciała zbiorowego
- nazwa ciała zbior. lub geogr. na pocz.: European Centre of Youth Cooperation.
410 2# - Trop zob. - nazwa ciała zbiorowego
- nazwa ciała zbior. lub geogr. na pocz.: Europejskie Centrum Współpracy Młodzieży - Toruń.
410 2# - Trop zob. - nazwa ciała zbiorowego
- nazwa ciała zbior. lub geogr. na pocz.: ECWM.
665 ## - Nota historyczna
- nota historyczna: Europejskie Centrum Współpracy Młodzieży w Toruniu powstało w 1994.
670 ## - Źródło informacji
- źródło informacji: Czasy Nowożytne. - T. 20(2007).
670 ## - Źródło informacji
- źródło informacji: http://bazy.ngo.pl/search/info.asp?id=4357
670 ## - Źródło informacji
- źródło informacji: http://www.ecwm.org.pl/onas.htm
999 ## -
- : VIRTUA x
999 ## -
- : VTLSSORT0010*0080*0100*0390*0400*1100*4100*4101*4102*4103*6650*6700*6701*6702*9992